[Event "CHN-ch Gp-B (Women)"]
[Site "Liaocheng"]
[Date "2024.04.26"]
[Round "11"]
[White "Wang, Zihan1"]
[Black "Xue, Shixuan"]
[Result "1/2-1/2"]
[WhiteElo "1587"]
[BlackElo "1790"]
[PlyCount "63"]
[EventDate "2024.04.21"]
[EventType "swiss"]
[EventRounds "11"]
[EventCountry "CHN"]
[SourceTitle "CB18_2024"]
[SourceDate "2024.05.01"]
[SourceVersion "1"]
[SourceVersionDate "2024.05.01"]
[SourceQuality "2"]

1. d4 f5 2. c4 Nf6 3. Nc3 b6 4. d5 Bb7 5. Nf3 c6 6. g3 g6 7. Bg2 Bg7 8. 0-0 0-0 9. dxc6 Bxc6 10. Qb3 Kh8 11. Nb5 Na6 12. Nbd4 Be4 13. Qa3 Nc7 14. Bd2 d6 15. Rac1 Qd7 16. Rfd1 Nh5 17. e3 Rad8 18. Bc3 a5 19. Qb3 Rb8 20. Nb5 Ne6 21. Bxg7+ Nhxg7 22. Ne5 Qc8 23. f3 Ba8 24. Nd3 Ng5 25. Rf1 Qe6 26. Ne1 Rfc8 27. Nd4 Qf7 28. h4 N5e6 29. Nxe6 Qxe6 30. Rf2 b5 31. c5 Rxc5 32. Rxc5 1/2-1/2

[Event "CHN-ch Gp-B (Women)"]
[Site "Liaocheng"]
[Date "2024.04.21"]
[Round "1"]
[White "Ding, Xingyi"]
[Black "Xue, Shixuan"]
[Result "0-1"]
[WhiteElo "1489"]
[BlackElo "1790"]
[PlyCount "82"]
[EventDate "2024.04.21"]
[EventType "swiss"]
[EventRounds "11"]
[EventCountry "CHN"]
[SourceTitle "CB18_2024"]
[SourceDate "2024.05.01"]
[SourceVersion "1"]
[SourceVersionDate "2024.05.01"]
[SourceQuality "2"]

1. d4 Nf6 2. Nf3 e6 3. c4 b6 4. Nc3 Bb7 5. e3 d5 6. a3 Nbd7 7. Bd3 Bd6 8. b3 e5 9. cxd5 exd4 10. Nxd4 Nxd5 11. Nxd5 Bxd5 12. e4 Qf6 13. Be3 Bb7 14. Ne2 Nc5 15. Bxc5 Bxc5 16. 0-0 a5 17. Ng3 0-0-0 18. Qe2 Qc3 19. b4 Qxd3 20. Qg4+ Qd7 21. Qxd7+ Rxd7 22. bxc5 b5 23. Rfc1 Bc6 24. f3 g6 25. Ra2 Rhd8 26. Rcc2 Rd3 27. Rcb2 Rc3 28. Ne2 Rxc5 29. Rc2 Rxc2 30. Rxc2 Kb7 31. Kf2 Rd3 32. Nc3 b4 33. axb4 axb4 34. Nb1 Bb5 35. Nd2 Kb6 36. Nc4+ Bxc4 37. Rxc4 c5 38. Ke2 Rd8 39. f4 Kb5 40. Rc2 b3 41. Rb2 Kb4 0-1

[Event "CHN-chT (Women)"]
[Site "Qingdao"]
[Date "2024.04.10"]
[Round "9.3"]
[White "Xue, Tianhao"]
[Black "Xue, Shixuan"]
[Result "0-1"]
[WhiteElo "1789"]
[BlackElo "1790"]
[PlyCount "84"]
[EventDate "2024.04.02"]
[EventType "team-swiss"]
[EventRounds "9"]
[EventCountry "CHN"]
[SourceTitle "CB16_2024"]
[SourceDate "2024.04.17"]
[SourceVersion "1"]
[SourceVersionDate "2024.04.17"]
[SourceQuality "1"]
[WhiteTeam "Shanghai (W)"]
[BlackTeam "Beijing (W)"]
[WhiteTeamCountry "CHN"]
[BlackTeamCountry "CHN"]

1. e4 c6 2. d4 d5 3. f3 e6 4. Nc3 Bb4 5. Bd2 Ne7 6. a3 Ba5 7. h4 Nd7 8. Bd3 e5 9. exd5 cxd5 10. Nb5 0-0 11. Ne2 a6 12. Nbc3 f5 13. b4 Bc7 14. dxe5 Nxe5 15. Be3 f4 16. Bc5 Bd6 17. Bd4 Be6 18. 0-0 Nxd3 19. Qxd3 Nf5 20. Bf2 Ng3 21. Bxg3 fxg3 22. Qe3 Re8 23. Qg5 Qxg5 24. hxg5 Rac8 25. Rac1 Rc4 26. Na4 Bf5 27. Rce1 Bc7 28. c3 Bd3 29. Nc1 Rxe1 30. Rxe1 Bc2 31. Nc5 Rxc3 32. Nxb7 d4 33. Nc5 d3 34. Ne4 Rxa3 35. g6 hxg6 36. Ng5 Ba4 37. Ne4 Bf4 38. Nxd3 Rxd3 39. Nc5 Be3+ 40. Kf1 Bxc5 41. bxc5 Bb5 42. Kg1 Rc3 0-1

[Event "CHN-chT (Women)"]
[Site "Qingdao"]
[Date "2024.04.05"]
[Round "4.3"]
[White "Xue, Shixuan"]
[Black "Lu, Yichen1"]
[Result "1-0"]
[WhiteElo "1790"]
[BlackElo "1519"]
[PlyCount "63"]
[EventDate "2024.04.02"]
[EventType "team-swiss"]
[EventRounds "9"]
[EventCountry "CHN"]
[SourceTitle "CB16_2024"]
[SourceDate "2024.04.17"]
[SourceVersion "1"]
[SourceVersionDate "2024.04.17"]
[SourceQuality "1"]
[WhiteTeam "Beijing (W)"]
[BlackTeam "Shandong (W)"]
[WhiteTeamCountry "CHN"]
[BlackTeamCountry "CHN"]

1. e4 e5 2. Nf3 Nc6 3. d4 exd4 4. Nxd4 Bc5 5. Nb3 Bb6 6. Nc3 Nf6 7. Bg5 h6 8. Bh4 g5 9. Bg3 d6 10. Qe2 Bg4 11. f3 Be6 12. 0-0-0 Nh5 13. Bf2 Nf4 14. Qd2 Qe7 15. g3 Ng6 16. Nd5 Bxd5 17. exd5 Nce5 18. Bxb6 axb6 19. f4 Nf3 20. Qc3 g4 21. Bb5+ Kf8 22. h3 f5 23. Bd3 Kf7 24. Bxf5 Nfh4 25. Be6+ Kf8 26. gxh4 Qxh4 27. hxg4 Qe7 28. Rh5 Ke8 29. Bf5 Ne5 30. fxe5 dxe5 31. Bg6+ Kd8 32. Rxe5 1-0

[Event "CHN-chT (Women)"]
[Site "Qingdao"]
[Date "2024.04.03"]
[Round "2.3"]
[White "Xue, Shixuan"]
[Black "Li, Yueqi"]
[Result "1-0"]
[WhiteElo "1790"]
[BlackElo "1734"]
[PlyCount "77"]
[EventDate "2024.04.02"]
[EventType "team-swiss"]
[EventRounds "9"]
[EventCountry "CHN"]
[SourceTitle "CB16_2024"]
[SourceDate "2024.04.17"]
[SourceVersion "1"]
[SourceVersionDate "2024.04.17"]
[SourceQuality "1"]
[WhiteTeam "Beijing (W)"]
[BlackTeam "Shenzhen (W)"]
[WhiteTeamCountry "CHN"]
[BlackTeamCountry "CHN"]

1. e4 c6 2. d4 d5 3. e5 Bf5 4. Nd2 e6 5. Nb3 Nd7 6. Nf3 Ne7 7. Nh4 Bg6 8. Nxg6 Nxg6 9. Be2 c5 10. c3 Be7 11. 0-0 cxd4 12. cxd4 0-0 13. Bd2 Rc8 14. a4 Nb6 15. Na5 Rc7 16. b3 Qb8 17. Bd3 a6 18. Qg4 Nd7 19. b4 Nb6 20. b5 Nc4 21. Bxc4 dxc4 22. Rfc1 c3 23. b6 Rcc8 24. Rxc3 Rxc3 25. Bxc3 Rc8 26. Be1 Bd8 27. Rb1 Ne7 28. Bb4 Bxb6 29. Bxe7 Bxa5 30. Bf6 g6 31. Qg5 Kf8 32. Qh6+ Ke8 33. Qxh7 Rc3 34. Qg8+ Kd7 35. Qxb8 Bc7 36. Qf8 b6 37. Qxf7+ Kc8 38. Qxe6+ Kb8 39. d5 1-0